004730000a220008500045001000032000002450040000323000053000725200217001257730045003421 aPautassi, María Alejandra10aLas dos caras de las ferias de arte aVol.0, núm.25 (Octubre, 2007), Páginas 18-19 aBogotá ahota tiene dos ferias de arte. Como en muchas ciudades siempre surgen eventos paralelos a los institucionales. Y es habitual que produzcan controversia. ¿Qué opinan los organizadores y críticos?0 tArcadia / Andrés Felipe Solano, Editor